000 00431nam a2200205Ia 4500
003 0100
008 130307s9999 xx 000 0 und d
040 _cARRUPELIB
050 _aBL1202.S78 1993
100 _aStutley, Margaret
245 _aHinduism
245 _bThe eternal Law
260 _aNew delhi
260 _bIndus
260 _c1993
300 _a192p.
300 _b22cm
650 _bPersuasion
942 0 0 _04
999 _c97102
_d97102